Path analysis of yield and major yield components of Hevea brasiliensis clone RRIM 600 under environmental conditions of Tripura (Record no. 51667)

MARC details
000 -LEADER
fixed length control field 00607nam a2200217Ia 4500
100 ## - MAIN ENTRY--AUTHOR NAME
Personal name Dey S.K.
245 #0 - TITLE STATEMENT
Title Path analysis of yield and major yield components of Hevea brasiliensis clone RRIM 600 under environmental conditions of Tripura
260 ## - PUBLICATION, DISTRIBUTION, ETC. (IMPRINT)
Name of publisher Natural Rubber Research
Year of publication 2004
300 ## - PHYSICAL DESCRIPTION
Number of Pages 180-186
650 ## - SUBJECT ADDED ENTRY--TOPICAL TERM
Topical Term Nitrogen
650 ## - SUBJECT ADDED ENTRY--TOPICAL TERM
Topical Term Path analysis
650 ## - SUBJECT ADDED ENTRY--TOPICAL TERM
Topical Term RRIM 600
650 ## - SUBJECT ADDED ENTRY--TOPICAL TERM
Topical Term Tapping panel
650 ## - SUBJECT ADDED ENTRY--TOPICAL TERM
Topical Term Tripura
650 ## - SUBJECT ADDED ENTRY--TOPICAL TERM
Topical Term Yield component
700 ## - ADDED ENTRY--PERSONAL NAME
Personal name Alam B.
700 ## - ADDED ENTRY--PERSONAL NAME
Personal name Das G.
700 ## - ADDED ENTRY--PERSONAL NAME
Personal name Sarma A.C.
942 ## - ADDED ENTRY ELEMENTS (KOHA)
Koha item type Bibliography STAF
Holdings
Withdrawn status Lost status Damaged status Not for loan Home library Current library Date acquired Serial Enumeration / chronology Koha item type
      Bibliography RRII Library RRII Library 09/04/2014 Volume 17, Issue 2 Bibliography STAF